000 00358nam a22001457a 4500
008 230329b ||||| |||| 00| 0 eng d
020 _a9781587788796
041 _aeng
080 _2NINTH EDITION
_a34
082 _a34EIS
100 _a31
101 _aJUREDIK
245 _aCORPORATIONS AND OTHER BUSINESS ORGANIZATIONS
_cEISENBERG.A.M
942 _2udc
_cBK
999 _c59481
_d59481